100 Metal/Rock Logo quiz - Statistics

General Stats
  • This quiz has been taken 130 times
  • The average score is 60 of 100
Answer Stats
Picture Answer % Correct
AC/DC
99%
Nirvana
98%
Guns N’ Roses
97%
KISS
96%
The Beatles
96%
Iron Maiden
95%
Pink Floyd
94%
Sex Pistols
93%
The Cranberries
93%
Europe
92%
Nickelback
92%
The Animals
92%
Megadeth
91%
Ozzy Osbourne
91%
The Doors
91%
Creedence Clearwater Revival
90%
Smash Mouth
90%
System of a Down
90%
Fleetwood Mac
89%
Korn
89%
The Cure
89%
ABBA
88%
Lynyrd Skynyrd
88%
Rolling Stones
88%
U2
88%
Slayer
87%
The Killers
87%
The Police
87%
Green Day
86%
My Chemical Romance
86%
The Beach Boys
86%
The Kinks
86%
Queen
85%
Scorpions
85%
Journey
84%
The Clash
84%
Metallica
83%
Van Halen
83%
Ghost
82%
Red Hot Chili Peppers
82%
Def Leppard
81%
Nine Inch Nails
81%
The Black Eyed Peas
81%
Gojira
80%
The Cars
77%
Talking Heads
76%
Foo Fighters
72%
Arctic Monkeys
70%
ZZ Top
69%
America
68%
Eagles
65%
Limp Bizkit
65%
Rammstein
65%
Jimi Hendrix
63%
Motörhead
61%
Black Sabbath
60%
Bring Me The Horizon
59%
Dragonforce
59%
Linkin Park
57%
Aerosmith
56%
Misfits
54%
MC5
53%
Steely Dan
51%
Bon Jovi
45%
Ramones
45%
The Who
43%
Gorillaz
42%
3 Doors Down
40%
Radiohead
39%
Blink-182
38%
King Gizzard and The Lizard Wizard
38%
Papa Roach
38%
The Offspring
38%
Alice In Chains
36%
Michael Jackson
35%
Judas Priest
33%
R.E.M.
32%
Oasis
31%
Dead Kennedys
30%
Coldplay
29%
Grateful Dead
28%
Weezer
28%
Godsmack
25%
Pearl Jam
25%
Soundgarden
25%
Rush
21%
Evanescence
20%
The White Stripes
16%
Audioslave
13%
Survivor
12%
The Smashing Pumpkins
12%
Elton John
11%
The Black Keys
5%
Halestorm
4%
Joan Jett & The Blackhearts
4%
Shinedown
4%
Chevelle
2%
Starset
1%
Alphaville
0%
The Four Horsemen
0%
No matching quizzes found
Score Distribution
Percent of People with Each Score
Percentile by Number Answered
Your Score History
You have not taken this quiz